Premierzy Polski od 1989 roku - nagła śmierć - Statystyki

Ogólne statystyki
  • Ten quiz został rozwiązany 528 razy
  • Średni wynik to 11 z 16
Answers on the Grid
Answers color-coded by a green-red scale on the quiz's grid according to % correct below.
Tadeusz Mazowiecki
Jan Krzysztof Bielecki
Jan Olszewski
Hanna Suchocka
Waldemar Pawlak
Józef Oleksy
Włodzimierz Cimoszewicz
Jerzy Buzek
Leszek Miller
Marek Belka
Kazimierz Marcinkiewicz
Jarosław Kaczyński
Donald Tusk
Ewa Kopacz
Beata Szydło
Mateusz Morawiecki
Lech Wałęsa
Leszek Moczulski
Janusz Korwin-Mikke
Leszek Balcerowicz
Janusz Wojciechowski
Aleksander Kwaśniewski
Marek Borowski
Włodzimierz Czarzasty
Marian Krzaklewski
Bronisław Geremek
Zbigniew Ziobro
Lech Kaczyński
Radosław Sikorski
Małgorzata Kidawa-Błońska
Andrzej Duda
Ludwik Dorn
 
Statystyki odpowiedzi
Odpowiedź % Poprawnych
Donald Tusk
82%
Mateusz Morawiecki
82%
Beata Szydło
81%
Leszek Miller
79%
Ewa Kopacz
78%
Jarosław Kaczyński
71%
Tadeusz Mazowiecki
68%
Jerzy Buzek
67%
Józef Oleksy
67%
Jan Olszewski
65%
Waldemar Pawlak
65%
Hanna Suchocka
64%
Kazimierz Marcinkiewicz
60%
Włodzimierz Cimoszewicz
59%
Marek Belka
57%
Jan Krzysztof Bielecki
51%
Nie znaleziono quizów pasujących do podanych kryteriów
Rozkład punktacji
Procent ludzi z każdym wynikiem
Percentyl według liczby udzielonych odpowiedzi
Twoja historia wyników
Nie rozwiązałeś tego quizu